Radio days / (Record no. 14703)
[ view plain ]
| 000 -LEADER | |
|---|---|
| fixed length control field | 00569cam a22002052 4500 |
| 001 - CONTROL NUMBER | |
| control field | 0000020771 |
| 005 - DATE AND TIME OF LATEST TRANSACTION | |
| control field | 20151217160130.0 |
| 008 - FIXED-LENGTH DATA ELEMENTS--GENERAL INFORMATION | |
| fixed length control field | 111013s xx 000 0 eng d |
| 020 ## - INTERNATIONAL STANDARD BOOK NUMBER | |
| International Standard Book Number | 0521779022 |
| 040 ## - CATALOGING SOURCE | |
| Original cataloging agency | KABU |
| Transcribing agency | KABU |
| 100 1# - MAIN ENTRY--PERSONAL NAME | |
| Personal name | Dyer, Dorthy. |
| -- | 0000181324 |
| 245 10 - TITLE STATEMENT | |
| Title | Radio days / |
| Statement of responsibility, etc. | Dorothy Dyer and Lerato Lenake. |
| 250 ## - EDITION STATEMENT | |
| Edition statement | 1st ed. |
| 260 ## - PUBLICATION, DISTRIBUTION, ETC. (IMPRINT) | |
| Place of publication, distribution, etc. | Cambridge : |
| Name of publisher, distributor, etc. | C. U. P., |
| Date of publication, distribution, etc. | 1999. |
| 300 ## - PHYSICAL DESCRIPTION | |
| Extent | 32 p. |
| 700 1# - ADDED ENTRY--PERSONAL NAME | |
| Personal name | Lenake, Lerato. |
| -- | 0000181325 |
| 852 1# - LOCATION | |
| -- | p773.45 KES |
| 908 ## - PUT COMMAND PARAMETER (RLIN) | |
| Put command parameter | 111013 |
| 950 ## - LOCAL HOLDINGS (RLIN) | |
| -- | 1 |
| Withdrawn status | Lost status | Source of classification or shelving scheme | Not for loan | Home library | Current library | Date acquired | Total Checkouts | Full call number | Barcode | Date last seen | Date last checked out | Price effective from | Koha item type |
|---|---|---|---|---|---|---|---|---|---|---|---|---|---|
| Library of Congress Classification | Kabarak, Main Campus | Kabarak, Main Campus | 17/12/2015 | 3 | PZ7 .D94R3 c. 1 | 19229 | 26/05/2023 | 12/05/2023 | 17/12/2015 | Children Collection |